LEADER 01840nam0 22003493i 450 001 SBL0006537 005 20231121125812.0 100 $a20181211e19691801||||0itac50 ba 101 | $ager 102 $abe 181 1$6z01$ai $bxxxe 182 1$6z01$an 200 1 $aEntwurf eines neuen Organon s der Philosophie oder Versuch uber die Prinzipien der philosophische Erkenntniss$fvon Willhelm Traugott Krug 205 $aImpr. anast 210 $aBruxelles$cCulture et Civilisation$d1969 215 $aXXVI, 114 p.$d19 cm 225 | $aAetas kantiana$v155 300 $aRist. anast. dell'ed.: Meissen und Lubben : bey K.F.W. Erbstein, 1801. 410 0$1001SBL0194895$12001 $aAetas kantiana$v155 606 $aKant, Immanuel$xPensiero filosofico$xSaggi$2FIR$3RMLC300283$9I 676 $a193$9Filosofia occidentale moderna. Germania e Austria.$v22 700 1$aKrug$b, Wilhelm Traugott$3SBLV003305$4070$0220514 801 3$aIT$bIT-01$c20181211 850 $aIT-FR0017 856 $uhttps://books.google.it/books?id=2VYRAQAAIAAJ&printsec=frontcover&hl=it&source=gbs_ge_summary_r&cad=0#v=onepage&q&f=false 899 0$aBiblioteca umanistica Giorgio Aprea$bFR0017 $eN$uhttps://books.google.it/books?id=2VYRAQAAIAAJ&printsec=frontcover&hl=it&source=gbs_ge_summary_r&cad=0#v=onepage&q&f=false 912 $aSBL0006537 950 0$aBiblioteca umanistica Giorgio Aprea$d 52AK 155$e 52MAG0000163285 VMN RS $fA $h20181211$i20181211 956 $a$b1$c $dS $e52MAG000016328$uhttps://books.google.it/books?id=2VYRAQAAIAAJ&printsec=frontcover&hl=it&source=gbs_ge_summary_r&cad=0#v=onepage&q&f=false$z 52AK 155 977 $a 52 996 $aEntwurf eines neuen Organon s der Philosophie oder Versuch uber die Prinzipien der philosophische Erkenntniss$93635603 997 $aUNICAS